Normal view
MARC view
Entry Nombre de reunión
001 - NÚMERO DE CONTROL
- campo de control: 143555
003 - IDENTIFICADOR DEL NÚMERO DE CONTROL
- campo de control: OSt
005 - FECHA Y HORA DE LA ÚLTIMA TRANSACCIÓN
- campo de control: 20220127160058.0
008 - DATOS DE LONGITUD FIJA
- campo de control de longitud fija: 220127|| aca||aabn | a|a d
040 ## - FUENTE DE LA CATALOGACIÓN
- Centro catalogador/agencia de origen: OSt
- Centro/agencia transcriptor: OSt
111 ## - ENCABEZAMIENTO--NOMBRE DE CONGRESO/REUNIÓN
- Nombre de congreso/reunión o jurisdicción como elemento de entrada: International Symposium on Molecular Breeding of Forage and Turf (4 : 2005 July : Aberystwyth, Gales)
670 ## - FUENTE DE DATOS ENCONTRADOS
- Cita de la fuente: Work cat.: (OSt)169178: International Symposium on Molecular Breeding of Forage and Turf (4 : 2005 July : Aberystwyth, Gales), Molecular breeding for the genetic improvement of forage crops and turf : proceedings of the 4th International Symposium on the Molecular Breeding of Forage and Turf, a satellite workshop of the XXth International Grassland Congress, July 2005, Aberystwyth, Wales /, 2005
